[Event "CAN-ch U20 U1800"]
[Site "Toronto"]
[Date "2018.08.11"]
[Round "6.26"]
[White "Li, Wing"]
[Black "Ran, Xiaoyu"]
[Result "1/2-1/2"]
[WhiteElo "1569"]
[BlackElo "1679"]
[PlyCount "86"]
[EventDate "2018.08.08"]
[EventType "swiss"]
[EventRounds "9"]
[EventCountry "CAN"]
[SourceTitle "EXT 2022"]
[Source "ChessBase"]
[SourceDate "2021.10.06"]
[SourceVersion "1"]
[SourceVersionDate "2021.10.06"]
[SourceQuality "1"]

1. d4 d5 2. c4 Nf6 3. g3 Bf5 4. Bg2 e6 5. Nf3 Bb4+ 6. Bd2 Bxd2+ 7. Nbxd2 Nc6 8. 0-0 0-0 9. Qb3 Rb8 10. e3 Qe7 11. a3 Nd7 12. cxd5 exd5 13. Qxd5 Be6 14. Qb5 a6 15. Qd3 Rbd8 16. Qc2 Nf6 17. Rfe1 Bg4 18. h3 Bxf3 19. Nxf3 Rfe8 20. Rac1 Rd7 21. Nd2 Nd8 22. Nc4 c6 23. Ne5 Rc7 24. e4 Nd7 25. Nf3 Nf6 26. e5 Nd5 27. Ng5 Qxg5 28. Bxd5 Rd7 29. Bg2 Rxd4 30. Qc3 Ne6 31. Qb3 Rd7 32. Qc3 Red8 33. Qb3 Nd4 34. Qe3 Qf5 35. g4 Qe6 36. f4 Qa2 37. Qc3 Nb5 38. Qb4 Rd2 39. Rb1 R2d4 40. Qe7 Qc4 41. f5 R4d7 42. Qg5 Qd4+ 43. Kh1 f6 1/2-1/2

[Event "CAN-ch U12"]
[Site "Quebec"]
[Date "2018.07.03"]
[Round "3.71"]
[White "Chen, Richard1111"]
[Black "Ran, Xiaoyu"]
[Result "1/2-1/2"]
[WhiteElo "1221"]
[BlackElo "1741"]
[PlyCount "135"]
[EventDate "2018.07.02"]
[EventType "swiss"]
[EventRounds "7"]
[EventCountry "CAN"]
[SourceTitle "EXT 2022"]
[Source "ChessBase"]
[SourceDate "2021.10.06"]
[SourceVersion "1"]
[SourceVersionDate "2021.10.06"]
[SourceQuality "1"]

1. e4 e5 2. Nf3 Nc6 3. Bb5 a6 4. Bxc6 dxc6 5. 0-0 Bg4 6. Nc3 Bc5 7. h3 Bxf3 8. Qxf3 Qe7 9. d3 h6 10. Be3 Nf6 11. Bxc5 Qxc5 12. Qe3 Qxe3 13. fxe3 0-0-0 14. Rf5 Rde8 15. Re1 c5 16. b3 Rhf8 17. Ref1 b6 18. a4 Kb7 19. R1f3 Ka7 20. Kf2 Re7 21. Ke2 c6 22. g4 Nd7 23. Rf1 Kb7 24. Kd2 g6 25. R5f3 f6 26. h4 Ree8 27. Ne2 g5 28. hxg5 hxg5 29. Ng3 Re6 30. Rh1 Rf7 31. Rh5 Rf8 32. Rh7 Kc8 33. Nh5 Kd8 34. Ng3 Kc8 35. Nf5 Kd8 36. Rfh3 Rg8 37. Rf7 Nf8 38. Rh6 Ke8 39. Rhxf6 Rxf6 40. Rxf6 Rg6 41. Rxg6 Nxg6 42. Ke2 Kd7 43. d4 cxd4 44. exd4 exd4 45. Nxd4 Ne5 46. Nf3 Nxg4 47. Nxg5 b5 48. Kd3 Kd6 49. Kd4 c5+ 50. Kd3 Nf2+ 51. Ke2 Ng4 52. axb5 axb5 53. Nf3 Ke6 54. Kd3 Nf2+ 55. Ke3 Nd1+ 56. Ke2 Nc3+ 57. Kd3 Na2 58. e5 Nb4+ 59. Ke4 Nxc2 60. Ng5+ Kd7 61. Kd5 c4 62. e6+ Ke7 63. bxc4 bxc4 64. Kxc4 Ne3+ 65. Kd4 Nf5+ 66. Ke5 Ng7 67. Kd5 Nxe6 68. Nxe6 1/2-1/2

[Event "Mississauga Goldon Horseshoe op U2000"]
[Site "Mississauga"]
[Date "2018.06.03"]
[Round "4.8"]
[White "Ran, Xiaoyu"]
[Black "Gao, Raymond"]
[Result "1/2-1/2"]
[WhiteElo "1655"]
[BlackElo "1756"]
[PlyCount "41"]
[EventDate "2018.06.02"]
[EventType "swiss"]
[EventRounds "5"]
[EventCountry "CAN"]
[SourceTitle "EXT 2022"]
[Source "ChessBase"]
[SourceDate "2021.10.06"]
[SourceVersion "1"]
[SourceVersionDate "2021.10.06"]
[SourceQuality "1"]

1. e4 c5 2. Nc3 Nc6 3. f4 d6 4. Bb5 Bd7 5. Bxc6 Bxc6 6. Nf3 g6 7. 0-0 Bg7 8. d3 Nf6 9. Qe1 0-0 10. Qh4 b5 11. f5 b4 12. Ne2 Qd7 13. Bh6 a5 14. Ng5 Qe8 15. Bxg7 Kxg7 16. fxg6 hxg6 17. Rxf6 Rh8 18. Rxf7+ Qxf7 19. Qxh8+ Rxh8 20. Nxf7 Kxf7 21. Rf1+ 1/2-1/2